INTRODUCTION TO NOVAL DRUG DELIVERY SYSTEMS (Record no. 23480)
[ view plain ]
| 000 -LEADER | |
|---|---|
| fixed length control field | 00401nam a22001697a 4500 |
| 003 - CONTROL NUMBER IDENTIFIER | |
| control field | SGT |
| 020 ## - INTERNATIONAL STANDARD BOOK NUMBER | |
| International Standard Book Number | 9789388527811 |
| 082 ## - DEWEY DECIMAL CLASSIFICATION NUMBER | |
| Classification number | 615.1, |
| Item number | I22V |
| 100 ## - MAIN ENTRY--PERSONAL NAME | |
| Personal name | VYAS, S.P. |
| 245 ## - TITLE STATEMENT | |
| Title | INTRODUCTION TO NOVAL DRUG DELIVERY SYSTEMS |
| 250 ## - EDITION STATEMENT | |
| Edition statement | 1st |
| 260 ## - PUBLICATION, DISTRIBUTION, ETC. (IMPRINT) | |
| Place of publication, distribution, etc | NEW DELHI, |
| Name of publisher, distributor, etc | CBS PUB. |
| Year of Publication | 2022 |
| 300 ## - PAGE DESCRIPTION | |
| No. of Pages | 531 |
| 650 ## - SUBJECT ADDED ENTRY--TOPICAL TERM | |
| Topical term or geographic name as entry element | NOVEL DRUG |
| 653 ## - KEYWORDS--INDEX TERM | |
| Keyword term | NOVEL DRUG , DELIVERY SYSTEMS |
| 942 ## - ADDED ENTRY ELEMENTS (KOHA) | |
| Source of classification or shelving scheme | Dewey Decimal Classification |
| Koha item type | Books |
| 942 ## - ADDED ENTRY ELEMENTS (KOHA) | |
| -- | 18 |
| Withdrawn status | Lost status | Source of classification or shelving scheme | Damaged status | Use restrictions | Not for loan | Collection code | Home library | Current library | Shelving location | Date acquired | Vendor Name | Cost, normal purchase price | SGTU | Bill Number | Full call number | Accession No. (Barcode) | Date last seen | Bill Date | Koha item type | Total Checkouts | Date last borrowed |
|---|---|---|---|---|---|---|---|---|---|---|---|---|---|---|---|---|---|---|---|---|---|
| Dewey Decimal Classification | Restricted Access | PHARMACY | SGT FA-FP Library | SGT FA-FP Library | Reference Book | 25/11/2022 | ABC. PUB. | 650.00 | SGTU | 15336 | 615.1, I22V | FP4558 | 25/11/2022 | 11/11/2022 | Books | ||||||
| Dewey Decimal Classification | PHARMACY | SGT FA-FP Library | SGT FA-FP Library | Text Book | 25/11/2022 | ABC. PUB. | 650.00 | SGTU | 15336 | 615.1, I22V | FP4559 | 22/09/2023 | 11/11/2022 | Books | 1 | 28/08/2023 | |||||
| Dewey Decimal Classification | PHARMACY | SGT FA-FP Library | SGT FA-FP Library | Text Book | 25/11/2022 | ABC. PUB. | 650.00 | SGTU | 15336 | 615.1, I22V | FP4560 | 29/05/2026 | 11/11/2022 | Books | 8 | 29/05/2026 | |||||
| Dewey Decimal Classification | PHARMACY | SGT FA-FP Library | SGT FA-FP Library | Text Book | 25/11/2022 | ABC. PUB. | 650.00 | SGTU | 15336 | 615.1, I22V | FP4561 | 16/06/2025 | 11/11/2022 | Books | 8 | 28/05/2025 | |||||
| Dewey Decimal Classification | PHARMACY | SGT FA-FP Library | SGT FA-FP Library | Text Book | 25/11/2022 | ABC. PUB. | 650.00 | SGTU | 15336 | 615.1, I22V | FP4562 | 12/10/2023 | 11/11/2022 | Books | 5 | 05/10/2023 |